Задачи и упражнения по общей химии: учебное пособие

Detaylı Bibliyografya
Yazar: Глинка Н. Л. Николай Леонидович
Dil:Rusça
Baskı/Yayın Bilgisi: Ленинград, Химия, 1985
Konular:
Materyal Türü: MixedMaterials Kitap
KOHA link:https://koha.lib.tpu.ru/cgi-bin/koha/opac-detail.pl?biblionumber=377824

MARC

LEADER 00000nam0a2200000 4500
001 377824
005 20251212160043.0
035 |a (RuTPU)RU\TPU\retro\35278 
035 |a RU\TPU\book\33481 
090 |a 377824 
100 |a 20230406d1985 m y0rusy50 ca 
101 0 |a rus 
102 |a RU 
105 |a y j 000zy 
200 1 |a Задачи и упражнения по общей химии  |e учебное пособие  |f Н. Л. Глинка 
210 |a Ленинград  |c Химия  |d 1985 
215 |a 264 с. 
451 1 |0 (RuTPU)RU\TPU\book\33480  |t Задачи и упражнения по общей химии  |o учебное пособие  |f Н. Л. Глинка  |c Ленинград  |n Химия  |d 1986  |p 272 с.  |a Глинка, Николай Леонидович 
606 1 |a Химия общая  |2 stltpush  |3 (RuTPU)RU\TPU\subj\67862  |9 83510 
610 1 |a задачи 
610 1 |a упражения 
610 1 |a учебные пособия 
675 |a 54(076)  |v 3 
700 1 |a Глинка  |b Н. Л.  |g Николай Леонидович 
801 0 |a RU  |b 63413507  |c 20011210  |g PSBO 
801 2 |a RU  |b 63413507  |c 20230406  |g PSBO 
942 |c BK